| 000 | 01001cam a2200217 4500 | ||
|---|---|---|---|
| 001 | ABS63325 | ||
| 008 | 000000n2001 000 0 eng u | ||
| 035 | _a(Sirsi) u110295 | ||
| 100 | _aHawkins, R | ||
| 245 | 2 | _aA clarion call for clarity | |
| 260 | _c2001 | ||
| 490 |
_aEstates Gazette _v(0101) 6 January 2001, 80(1) |
||
| 520 | _aBriefly discusses the government's attempt to clarify the position concerning peaceable re-entry through the Insolvency Act 2000. Late changes to the act have meant that amendments have not been given sufficient consideration and raises doubts whether the government has achieved the correct, or most workable, solution. The article considers that it may be necessary for the law to be changed again to make administration of insolvent debtors more efficient. | ||
| 590 | _aABS | ||
| 650 |
_aInsolvency _96247 |
||
| 650 | _aINSOLVENCY ACT 2000 | ||
| 650 | _aPEACEABLE RE-ENTRY | ||
| 650 | _aDEBTORS | ||
| 690 | _aPROPERTY-LANDLORD AND TENANT | ||
| 942 | _n0 | ||
| 999 |
_c65772 _d65772 |
||